| 000 | 00685cam a2200217 a 4500 | ||
|---|---|---|---|
| 001 | 000009404 | ||
| 005 | 20200929161601.0 | ||
| 008 | 980407s1996 ec 001 j spa | ||
| 020 | _a9978871659 | ||
| 035 | _a(DLC) 98136102 | ||
| 040 |
_aDO-SdBNP _cDLC |
||
| 082 |
_aE863.44 _bA367m |
||
| 100 | 1 |
_aAlemán Salvador, María Gabriela, _d1968- _924189 |
|
| 245 | 1 | 0 |
_aMaldito corazón / _cMaría Gabriela Alemán Salvador. |
| 260 |
_aQuito, (Ecuador) : _bEl Conejo : _bBanco del Progreso, _c1996. |
||
| 300 |
_a95 p. ; _c21 cm. |
||
| 650 | 4 |
_aCuentos ecuatorianos _917829 |
|
| 650 | 4 |
_aLiteratura ecuatoriana _ySIGLO XX _914420 |
|
| 910 | _aCatalogación por copia / LC | ||
| 049 | _aBNGR | ||
| 999 |
_c9164 _d9164 |
||